| 000 | 01038cab a2200217 4500 | ||
|---|---|---|---|
| 001 | X1878 | ||
| 008 | 090401t1995 xxu||||| |||| 00| 0 eng d | ||
| 035 | _a(Sirsi) u20122 | ||
| 041 | _aeng | ||
| 245 | _aSoS Environment v PG Edwards, Roadside Developments Ltd and Breckland DC | ||
| 260 | _c1995 | ||
| 350 | _a0 | ||
| 490 |
_aJournal of Planning and Environment Law _v1995 JPL 107-115(9) |
||
| 520 | _aCA 17 March 1994. New dual carriageway - services - need for - seven applications lodged - alternative sites - predetermination of other appeals by granting on appeal one application - only one service area needed - inquiry pending - prejudicial to other appeals - High Court quashed decision of Inspector - appeal to CA - criteria for meteriality of the merits of alternative sites applied. | ||
| 650 | _aALTERNATIVE SITES | ||
| 650 | _aPROPERTY-INFRASTRUCTURE-TRANSPORT INFRASTRUCTURE-ROAD INFRASTRUCTURE | ||
| 650 | _aSERVICE STATIONS | ||
| 690 | _aPLANNING LAW AND PRACTICE-CASE LAW | ||
| 942 | _n0 | ||
| 948 | _c04/03/1997 | ||
| 999 |
_c13480 _d13480 |
||